| 000 | 00898nam a2200241 a 4500 | ||
|---|---|---|---|
| 001 | 000024772 | ||
| 005 | 20250714091949.0 | ||
| 008 | 110203s2002 mx ab r 000 0 spa d | ||
| 020 | _a9701884272 | ||
| 040 |
_aDO-SdBNP _bspa _cBNPHU |
||
| 082 |
_a331.88 _bS718g |
||
| 100 | 1 |
_aSoto Correa, José Carmen _950850 |
|
| 245 | 1 | 0 |
_aLos grupos armados de los políticos católicos : _bla masacre de sindicalistas de Chaparro , Michoacán / _cJosé Carmen Soto Correa ; prólogo Arturo Salcido Beltrán. |
| 260 |
_aMéxico, D. F. : _bInstituto Politécnico Nacional, _c2002. |
||
| 300 |
_a558, [1] p. : _bil., mapas ; _c22 cm. |
||
| 504 | _aIncluye referencias bibliográficas (p. [535]-554) | ||
| 650 | 0 |
_aSindicalismo _97274 |
|
| 650 | 0 |
_aSocialismo _9287 |
|
| 650 | 0 |
_aSindicatos _931036 |
|
| 650 | 0 |
_aClase trabajadora _914034 |
|
| 700 | 1 |
_aSalcido Beltrán, Arturo _epról. _950851 |
|
| 049 | _aBNGR | ||
| 999 |
_c24265 _d24265 |
||